00445nam a2200121Ia 4500008004100000245014000041260003600181260000900217300000600226650002600232650001200258856005300270170516s9999 xx 000 0 und d aParameter Optimization for Quantitative Signal-Concentration Mapping Using Spoiled Gradient Echo MRI, Gasser Hathout and Neema Jamshidi bRadiology Research and Practice c2012 a: xRadiologic Technology xRadtech uhttps://www.hindawi.com/journals/rrp/contents/4/